PENTALOGIE ANTIOCHIENNEL DOMAINE MARONITE / (Record no. 19332)
[ view plain ]
| 000 -الفاتح | |
|---|---|
| حقل البيانات ثابتة الطول | 00471nam a2200181Ia 4500 |
| 005 - وقت وتاريخ اخر تعامل مع التسجيلة | |
| رقم الضبط | 20240530100645.0 |
| 008 - عناصر البيانات ثابتة الطول - معلومات عامة | |
| حقل البيانات ثابتة الطول | 140319s9999 xx 000 0 eng d |
| 040 ## - مصدر الفهرسة | |
| وكالة الفهرسة الأصلية | GCL / |
| وكالة النسخ | GCL |
| 082 04 - رقم تصنيف ديوى العشرى | |
| رقم التصنيف | 230 |
| رقم المادة | M P |
| 100 1# - المدخل الرئيسى - إسم شخصى | |
| الإسم الشخصى | MOUBARAC, Y |
| 245 10 - بيان العنوان | |
| العنوان | PENTALOGIE ANTIOCHIENNEL DOMAINE MARONITE / |
| بيان المسئوليه,etc | MOUBARAC, Y |
| 260 ## - PUBLICATION, DISTRIBUTION, ETC. (IMPRINT) | |
| تاريخ النشر أو التوزيع | 1984 |
| 650 04 - المدخل الاضافى بالموضوع-مصطلح موضوعى | |
| مصطلح موضوعي | CHURCHES |
| 650 04 - المدخل الاضافى بالموضوع-مصطلح موضوعى | |
| مصطلح موضوعي | MARONITES |
| 650 04 - المدخل الاضافى بالموضوع-مصطلح موضوعى | |
| مصطلح موضوعي | EASTERN CHURCHES |
| 942 ## - عناصر المدخل الإضافي( كوها) | |
| مصدر التصنيف او مخطط الترفيف | Dewey Decimal Classification |
| Koha [default] item type | كتاب |
| 260 ## - PUBLICATION, DISTRIBUTION, ETC. (IMPRINT) | |
| -- | [S.N] : |
| -- | CENACLE LIBANANAIS ، |
| حالة التراجع | حالة الفقد | حالة تلف | ليس للاعارة | المكان المؤقت | الموقع الحالى | تاريخ الاكتساب | اجمالي اﻻعارات | رقم الطلب | الباركود | تاريخ اخر مشاهدة | تاريخ تفعيل السعر | نوع وعاء كوها | مصدر التصنيف او خطة الترفيف |
|---|---|---|---|---|---|---|---|---|---|---|---|---|---|
| مكتبة القاهرة الكبرى | مكتبة القاهرة الكبرى | 03/26/2014 | 230\ M P | 36914 | 03/26/2014 | 03/26/2014 | كتاب | ||||||
| مكتبة القاهرة الكبرى | مكتبة القاهرة الكبرى | 03/12/2022 | 230\ M P | 167602 | 03/12/2022 | 03/12/2022 | كتاب | ddc | |||||
| مكتبة القاهرة الكبرى | مكتبة القاهرة الكبرى | 03/12/2022 | 230\ M P | 167603 | 03/12/2022 | 03/12/2022 | كتاب | ddc | |||||
| مكتبة القاهرة الكبرى | مكتبة القاهرة الكبرى | 03/12/2022 | 230\ M P | 167604 | 03/12/2022 | 03/12/2022 | كتاب | ddc | |||||
| مكتبة القاهرة الكبرى | مكتبة القاهرة الكبرى | 03/12/2022 | 230\ M P | 167605 | 03/12/2022 | 03/12/2022 | كتاب | ddc | |||||
| مكتبة القاهرة الكبرى | مكتبة القاهرة الكبرى | 03/12/2022 | 230\ M P | 167606 | 03/12/2022 | 03/12/2022 | كتاب | ddc |

